Normale Ansicht MARC-Ansicht ISBD

Deutsche Besatzungsherrschaft in der UdSSR 1941-45 : (Titelsatznr. 39841)

[ MARC ]
MARC-Details
000 -Satzkennung
Kontrollfeld mit fester Länge 00998nam a22002771c 4500
001 - Kontrollnummer
Kontrollfeld 9783534248902-nbs
008 - Feld mit fester Länge zur physischen Beschreibung - Allgemeine Angaben
Kontrollfeld mit fester Länge 141002s2013 gw |||| 000u ger d
020 ## - Internationale Standardbuchnummer
Internationale Standardbuchnummer 9783534248902
Verknüpfung 978-3-534-24890-2
041 ## - Sprachcode
Sprachcode des Textes/der Tonspur oder des separaten Titels ger
040 ## - Katalogisierungsquelle
Übertragungsstelle RU-10907106
003 - Kontrollnummer Identifier
Kontrollfeld RU-10907106
245 00 - Titel
Titel Deutsche Besatzungsherrschaft in der UdSSR 1941-45 :
Zusatz zum Titel Dokumente der Einsatzgruppen in der Sowjetunion II
264 ## - Produktion, Veröffentlichung, Distribution, Herstellung und Urheberrechtsvermerk
Herstellungs-, Veröffentlichungs- Vertriebs-, Erzeugungsort Darmstadt :
Produzent, Herausgeber, Distributor, Hersteller WBG Wissenschaftliche Buchgesellschaft,
Datum der Herstellung, der Veröffentlichung, des Vertriebs oder des Urheberschutzvermerks 2013
300 ## - Physische Beschreibung
Umfang 638 S.: graph. Darst.
490 #0 - Gesamttitelangabe
Gesamttitelangabe Veröffentlichungen der Forschungsstelle Ludwigsburg der Universität Stuttgart
Bandnummer/Folgebezeichnung 23
490 #0 - Gesamttitelangabe
Gesamttitelangabe Dokumente der Einsatzgruppen in der Sowjetunion
Bandnummer/Folgebezeichnung 2
648 #0 - Nebeneintragung unter einem Schlagwort - Zeitschlagwort
Zeitschlagwort 1941-1945
650 #0 - Nebeneintragung unter einem Schlagwort - Sachschlagwort
Sachschlagwort oder geografischer Name als Eintragungselement Russlandfeldzug <1941-1945>
650 #0 - Nebeneintragung unter einem Schlagwort - Sachschlagwort
Sachschlagwort oder geografischer Name als Eintragungselement Wehrmacht
655 #0 - Indexierungsterm - Genre/Form
Genre/Form oder fokussierter Term Quelle
700 1# - Nebeneintragung - Personenname
Personenname Angrick, Andrej
Funktionsbezeichnung HerausgeberIn
700 1# - Nebeneintragung - Personenname
Personenname Mallmann, Klaus-Michael
Funktionsbezeichnung HerausgeberIn
700 1# - Nebeneintragung - Personenname
Personenname Matthäus, Jürgen
Funktionsbezeichnung HerausgeberIn
700 1# - Nebeneintragung - Personenname
Personenname Cüppers, Martin
Funktionsbezeichnung HerausgeberIn
942 ## - Zusätzliche Felder (Koha)
Koha-Medientyp Monographien
Exemplare
Ausgeschieden Verloren Beschädigt Nicht entleihbar Heimatbibliothek Aufenthaltsbibliothek Aufstellungsort Erwerbungsdatum Inventarnummer Signatur Barcode Letzte Aktivität Preis gültig von Koha-Medientyp
  Vermisst     MWN Osteuropa MWN Osteuropa Lesesaal - 1 02/10/2014 14-02404 D 52 rg Ang 39845 23/02/2021 22/03/2021 Monographien